000 00584nam a2200229Ia 4500
003 OSt
005 20140318095256.0
008 140130s9999 xx 000 0 und d
020 _a0590638920
050 _aQK 661
_b.G53 1999
100 _aGibbons, Gail.
245 _cGail Gibbons.
_aFrom Seed to plant /
260 _bScholastic Inc.,
_cc1999.
_aUSA :
300 _a38 p. :
_bcol. ill. ;
_c23 cm.
440 _v1
521 _aG4
526 _c660
650 _aSeeds
_xJuvenile literature.
650 _aPlants
_xJuvenile literature.
942 _cBK
_2lcc
999 _c40893
_d40893